000
00239nam a22001217a 4500
003
SGT
082
_a
348
_b
BAR
100
_a
BARE ACT
245
_a
THE OATHS ACT 1969
260
_a
GURGAON
_b
UNIVERSAL
_c
2022
300
_a
6
942
_2
ddc
_c
BK
999
_c
22979
_d
22979